| 000 | 02713nam0a2200361 4500 | ||
|---|---|---|---|
| 001 | RU\NLR\BIBL_A\016254879 | ||
| 005 | 20250625013255.0 | ||
| 010 |
_a978-5-98862-725-8 _91000 |
||
| 021 |
_aRU _b2022-77374 _9КН-П-6763 |
||
| 035 | _a(RuMoRGB)011341676 | ||
| 035 | _a(NLR Aleph) 016254879 | ||
| 090 |
_a12839155 _c12839155 |
||
| 100 | _a20230111d2022 |||y0rusy50 ca | ||
| 101 | 1 |
_aspa _crus |
|
| 102 | _aRU | ||
| 105 | _ay z 000zy | ||
| 181 | 0 |
_ai _baxxe |
|
| 182 | 0 | _an | |
| 200 | 1 |
_aCuaderno en negro y blanco _fMikhael Paskevich _g[traducción al español: E. Molchanova] |
|
| 203 |
_aТекст _bвизуальный _cнепосредственный |
||
| 210 |
_aMoscú _cGrifo _d2022 |
||
| 215 |
_a205, [2] с. _d22 |
||
| 330 | _aМихаэль Паскевич поездил по миру, был свидетелем необычных событий. Он много наблюдал и размышлял. Итогом этих размышлений становится неординарная теория, своеобразный взгляд на эволюцию человеческой цивилизации, а конкретнее - что руководит поступками людей, отдельного человека, что происходит в его душе. По мнению автора, "человеческая жизнь соответствует названию этой книги - чёрно-белая по цвету мыслей, слов и поступков. Живём по закону джунглей - подставляем ближнего, валим всё на нижнего, а сами пробиваемся вверх. Говорим слова, в которые сами не верим, и сражаемся за деньги, ради которых, по сути, и живём". Но "у каждого из нас есть возможность выбора между Светом и тьмой". А еще "наличие или отсутствие любви в корне меняет нашу жизнь". Кажется, несмотря ни на что, автор верит в нас, верит, что позитивные перемены у разумного человека впереди | ||
| 541 | 1 | _aЧёрно-белая тетрадь | |
| 606 | 1 |
_aВера религиозная _91268905 _3RU\NLR\AUTH\66204292 |
|
| 686 | 1 | _aЭ243.32 | |
| 686 | 2 | _aШ6(2=Р)87исп. | |
| 700 | 1 |
_7ba _8rus _aPaskevič _bM. _gMichaél' _9251397 _3RU\NLR\AUTH\770251453 |
|
| 942 | _cBOOK | ||
| 980 | _aNB | ||